Elektrické stroje 1 : Návody na laboratórne cvičenia /

Salvato in:
Dettagli Bibliografici
Autori principali: Bojna, Ivan, 1942- (Autore), Fiamin, Ivan (Autore)
Natura: Libro
Lingua:slovacco
Pubblicazione: Bratislava : SVŠT v Bratislave, 1983
Edizione:2.vyd., 1.dotl.
Soggetti:
Tags: Aggiungi Tag
Nessun Tag, puoi essere il primo ad aggiungerne!!

MARC

LEADER 00000nam a22000003a 4500
001 stu34847
005 20150617225729.8
008 920326s1983----cs------------------slo-d
040 |a STU  |b slo 
041 0 |a slo 
044 |a cs 
080 |a 621.313(075.8) 
100 1 |a Bojna, Ivan,  |d 1942-  |4 aut  |u E040  |U FEI Fakulta elektrotechniky a informatiky  |T FEI Ústav elektrotechniky  |X 2197  |U E040  |Y 550  |7 A000002197 
245 1 |a Elektrické stroje 1 :  |b Návody na laboratórne cvičenia /  |c [aut.]Ivan Bojna, Ivan Fiamin 
250 |a 2.vyd., 1.dotl. 
260 |a Bratislava :  |b SVŠT v Bratislave,  |c 1983 
300 |a 161 s 
650 7 |a Stroje elektrické  |2 stusub 
700 1 |a Fiamin, Ivan  |4 aut 
996 |b 284M016927  |c M*S-297-1  |l MMKN  |s A  |a 24  |w stu34847_0001 
996 |b 284M016926  |c M*S-297-2  |l MMKN  |s A  |a 24  |w stu34847_0002